01789nam a2200493 i 450000100060000000300090000600500170001500800410003201500170007302000180009003500210010804000280012904100130015704600090017008000110017908000120019024500810020224600450028326000550032830000400038333600270042333700540045033800280050438000160053238800100054849000330055850400340059152100290062565000140065465800130066865500300068170000260071170000430073771000410078085600980082183000320091994200120095199900170096395200560098095200600103695200490109695200610114595200890120654708KOSZ 00520200810120258.0080407s2008 pl a f f |001 0 pol  aPB 2008/9915 a9788320433326 a(OCoLC)749680044 aWA NcWA NdKOSZ 005/HR1 apolheng k2004 a57.087 a(075.8)00aBiometria /cRuud M. Bolle [et al.] ; z ang. przeł. Mirosław Korzeniowski.1 iTyt. oryg.:aGuide to biometrics,f2004. aWarszawa :bWydawnictwa Naukowo-Techniczne,c2008. aXXXII, 407, [1] s. :bil. ;c24 cm. 2rdacontentaTekstbtxt 2rdamediaaBez urządzenia pośredniczącegobn 2rdacarrieraWoluminbnc aKsiążki a2001-1 aTAO Tajemnica, Atak, Obrona. aBibliogr. s. 375-392. Indeks. aPodręcznik akademicki. 4aBiometria aBiologia 4aPodręczniki akademickie1 aBolle, Ruud M.eAutor1 aKorzeniowski, Mirosław.eTłumaczenie2 aWydawnictwa Naukowo-Techniczne4pbl. uhttp://koha.tu.koszalin.pl/cgi-bin/koha/opac-detail.pl?biblionumber=54708yKatalog online BPK 0aTAO Tajemnica, Atak, Obrona 2UKDcKS c54708d54708 00104071aBPKbBPKcco86683p02416984t57 NbyKS 00104071aELBUDbELBUDcbo86684p02416977t57 NbyKS 00104070aBPKbBPKcwo86685p02416960yKS 00104070aBPKbBPKcwo86686p02570570s2014-03-05yKS 00104070aBPKbBPKcwo92536p02495699yKSzZakup ze środków projektu unijnego